000 01053nam a2200289 ia4500
003 OSt
005 20250112110714.0
008 250112t20242024enkao j 000 0 eng d
020 _a9781788564281
_cRM 47.50
_qpaperback
040 _aPPAK
_beng
_cPPAK
_erda
082 0 4 _223
_a621.873
090 0 0 _a621.873
_bWOO
_dK
100 1 _aWood, Alix.
_eauthor,
_eillustrator.
245 1 0 _aWhat Does a Crane Driver Use Science? /
_cWritten and Designed by Alix Wood ; Editor: Mark J. Sachner
264 1 _a[Tunbridge Wells, Kent] :
_bRuby Tuesday Books Ltd.,
_c[2024]
264 4 _c©2024
300 _a24 pages :
_bcolour illustrations, colour photographs ;
_c21 x 21 cm
336 _atext
_2rdacontent
337 _aunmediated
_2rdamedia
338 _avolume
_2rdacarrier
490 1 _aLittle Scientists, BIG Questions?
650 1 0 _aCranes, derricks, etc.
_vJuvenile literature
650 2 0 _aScience
_vJuvenile literature
700 1 _aSachner, Mark J.,
_eeditor.
830 0 _aLittle scientists, big questions?
942 _2ddc
_cB
999 _c198399
_d198399